Viaje con nosotros
ISBN:
9788445141380
Descripción Física:
94 pàgines : principalment il·lustrat ; 24 cm
Materias:
Catàlegs d'exposicions
Idioma:
Catalán , Español
MARC
| LEADER | 00000nam a22000007a 4500 | ||
|---|---|---|---|
| 001 | 29083 | ||
| 003 | AGDB | ||
| 005 | 20260324181540.0 | ||
| 008 | 251202b spa||||| |||| 00| 0 cat d | ||
| 017 | |2 M 19755-2024 | ||
| 020 | |a 9788445141380 | ||
| 040 | |a agdb |b cat | ||
| 041 | |a spa | ||
| 110 | |a Madrid (Comunitat autònoma) |9 61032 | ||
| 245 | |a Viaje con nosotros | ||
| 260 | |a Madrid : |b Comunidad de Madrid, |c 2024 | ||
| 300 | |a 94 pàgines : |b principalment il·lustrat ; |c 24 cm | ||
| 500 | |a Catàleg de l'exposició homònima realitzada a l'Archivo Regional de la Comunidad de Madrid (del 17 d'octubre de 2024 al 9 de febrer de 2025) | ||
| 655 | 0 | |a Catàlegs d'exposicions |9 69807 | |
| 942 | |2 udc |c ARXIU |n 1 | ||
| 952 | |0 0 |1 0 |2 udc |4 0 |6 BIB1395 |7 1 |9 98731 |a Arxiu |b Arxiu |d 2025-12-02 |l 0 |o Bib-1395 |p 29083 |r 2025-12-02 10:51:50 |w 2025-12-02 |y ARXIU | ||
| 999 | |c 130460 |d 130460 | ||